| 000 | 00844nas a2200277 4500 | ||
|---|---|---|---|
| 001 | BR8801195 | ||
| 003 | BR-BrBNA | ||
| 005 | 20231205091050.0 | ||
| 007 | ta | ||
| 008 | 230509b bl.|||p| |||| 00| 00por d | ||
| 040 |
_aBR-BrBNA _bpor _cBiblioteca Nacional de Agricultura |
||
| 041 | _a(En) | ||
| 072 | _aL73 | ||
| 100 | 1 | _aAvila, F.A. | |
| 100 | 1 | _aAvila, S.H.P. | |
| 100 | 1 | _aIturrino, R.P.S. | |
| 100 | 1 | _aQuintana, J.L. | |
| 245 | 1 | _aEvaluation of the immunizing efficiency of a Pili K99 - Bearing vaccine for the protection of cattle against colibacillosis | |
| 650 | _aVACA LEITEIRA | ||
| 650 | _aCOLIBACILOSE | ||
| 650 | _aIMUNIZACAO | ||
| 650 | _aVACINA | ||
| 773 | 0 |
_tArs Veterinaria (Brazil) _xISSN 0102-6380 _g(1986), v. 2(2) p. 217-220 _wBR8801195 |
|
| 909 |
_a202311 _bLúcia _c55 _dLúcia Elande |
||
| 942 |
_2AGRIS _n0 _cANA |
||
| 999 |
_c122526 _d122526 |
||